000 00619nam a2200181Ia 4500
003 GCL
008 140319s9999 xx 000 0 ara d
040 _aGCL /
_cGCL
082 0 4 _a229.5
_bم ا
100 1 _aمحمد سامى منير
245 1 0 _aايات قرانية من قصص الانبياء /
_cمحمد سامى منير
260 _aالقاهرة :
_bدار غريب للطباعة والنشر والتوزيع ،
_c1998
300 _a219 ص ؛
_c24 سم
650 0 4 _aقصص الانبياء
650 0 4 _aالقران - سور وايات
650 0 4 _aالقران - تفاسير
942 _2ddc
_cBK
999 _c2234
_d2234